000 01237nam a22003377a 4500
003 CHAP
005 20220329143147.0
008 060907d2004 mx r 00110 spa d
010 _a92687
011 _a93659
020 _a968020037X
035 _a104239
040 _cCHAP
082 0 4 _a630.71
_bA56
100 0 0 _aAnaya Perez, Marco Antonio.
_95509
245 1 0 _aCiento cincuenta años en una mirada :
_bhistoria gráfica de la Escuela Nacional de Agricultura - Universidad Autónoma Chapingo
_c/por Marco Antonio Anaya Pérez [y otros]
260 _aChapingo, Méx. :
_bUACH,
_c2004.
300 _a314 p. :
_bfotos
590 _aBATCH-UPD
_b10
_c20130110
_lUCH01
_h1718
590 _aBATCH-UPD
_b10
_c20130410
_lUCH01
_h1102
590 _aCONVERSION
_b10
_c20130109
_lUCH01
_h1351
650 1 4 _aENA
_xHistoria.
_936672
650 1 4 _aUACH
_xHistoria.
_9115803
901 _aBK
905 _aLilia
942 _cLIBRO
949 _a630.71 A56
_bBC
_cESP
_d33724000993903
_eESP
_h108182
_i104239
_sb
949 _a630.71 A56
_bBC
_cESP
_d33724002029736
_eESP
_fc.3
_h108596
_i104239
_sb
949 _a630.71 A56
_bBC
_cESP
_d33724002029777
_eESP
_fc.4
_h108597
_i104239
_sb
949 _a630.71 A56
_bBC
_cUACH
_d33724000993960
_eUACH
_fc.2
_h108183
_i104239
_sb
999 _c92687
_d92687